000 00221nam a2200085Ia 4500
245 0 _aThe darkening glass
100 _a DOHERTY, Paul London, 2009
_999920
942 _cBK
008 210817s9999 xx 000 0 und d
999 _c426555
_d426554